000 00506cam a22002051 4500
001 sa 67004338
003 DLC
005 20260227112345.0
008 890626s1966 ii 000 1 beno
010 _asa 67004338
035 _a(OCoLC)19925718
040 _aDLC
_cWaU
_dDLC
050 0 0 _aPK1730.19.A8
_bB27
100 1 _aDas, Shyamapada,
_d1939-
245 1 0 _aBāījī theke begama.
260 _c[1966]
300 _a321 p.
_c22 cm.
500 _aA novel.
600 0 0 _aAnārkalī,
_d-1599
_xFiction.
999 _c74397
_d74397